• 首页
  • 本馆介绍
  • 公告通知
  • 最新文献
  • 馆藏检索
  • 电子资源
  • 读者导购
  • 参考咨询
  • 我的图书馆
  • 登录
  • 详细信息显示
  • 放入我的书架
  • 预约/预借图书
  • 作者相关作品
  • 分类相关作品
  • 丛书相关作品
  • 出版社相关作品

书目信息

  • 表格格式
  • 工作单格式
  • 卡片格式
题名:
全国法律硕士专业学位研究生入学联考考试分析
    
 
作者: ;教育部考试中心 编
分册:  
出版信息: 北京   高等教育出版社  2006
页数: 560页
开本: 20cm
丛书名:
单 册:
中图分类: D9
科图分类:
主题词: 法律--研究生--入学考试--自学参考资料
电子资源:
ISBN: 7-04-019457-0
000 00744nam0 2200205 450
001 0739997654
005 20070714153244.64
010    @a7-04-019457-0@dCNY70.00
100    @a20070714d2006 km y0chiy0120 ea
101 0  @achi
102    @aCN@b110000
200 1  @a全国法律硕士专业学位研究生入学联考考试分析@Aquan guo fa lu shuo shi zhuan ye xue wei yan jiu sheng ru xue lian kao kao shi fen xi@e2007年版@f教育部考试中心编@Fjiao yu bu kao shi zhong xin bian
210    @a北京@c高等教育出版社@d2006
215    @a560页@d20cm
517 1  @a2007年版@A2007 nian ban
606 0  @a法律@x研究生@x入学考试@x自学参考资料
690    @aD9@v3
711 02 @a教育部考试中心@Ajiao yu bu kao shi zhong xin@4编
801  0 @aCN@bPFT@c20070714
905    @a10447@dD9@e342
    
    全国法律硕士专业学位研究生入学联考考试分析:2007年版/教育部考试中心编.-北京:高等教育出版社,2006
    560页;20cm
    
    
    ISBN 7-04-019457-0:CNY70.00
    
●
相关链接 在E读中查询图书 在五车中查询图书 在当当中查询图书 在豆瓣中查询图书


正题名:全国法律硕士专业学位研究生入学联考考试分析     索取号:D9/342         预约/预借

序号 登录号 条形码 馆藏地/架位号 状态 备注
1 0779180   207791807   密集书库/ [索取号:D9/342] 在馆    
唐山师范学院图书馆 欢迎您!
大连网信软件有限公司© 版权所有